[Event "Hofheim Spring op-B 1st"]
[Site "Hofheim"]
[Date "2013.04.03"]
[Round "2"]
[White "Koellmer, Hans Peter"]
[Black "Spinnler, Wolfgang"]
[Result "1-0"]
[WhiteElo "1566"]
[BlackElo "1722"]
[PlyCount "114"]
[EventDate "2013.04.02"]
[EventType "swiss"]
[EventRounds "9"]
[EventCountry "GER"]
[SourceTitle "EXT 2018"]
[Source "ChessBase"]
[SourceDate "2017.10.13"]
[SourceVersion "1"]
[SourceVersionDate "2017.10.13"]
[SourceQuality "1"]

1. d4 Nf6 2. Bf4 e6 3. Nf3 b6 4. Nbd2 Bb7 5. e3 Ne4 6. Bd3 Nxd2 7. Qxd2 Nc6 8. c3 h6 9. h4 d5 10. Qe2 Bd6 11. Bxd6 Qxd6 12. e4 dxe4 13. Bxe4 f5 14. Bxf5 0-0-0 15. Qxe6+ Kb8 16. Qxd6 Rxd6 17. 0-0 Ne7 18. Bd3 Bxf3 19. gxf3 c5 20. Rfe1 Nc6 21. Be4 cxd4 22. Rad1 Rhd8 23. Bxc6 Rxc6 24. Rxd4 Rf8 25. Re3 Rcf6 26. Kg2 h5 27. Rd7 g6 28. Red3 a5 29. Rd8+ Rxd8 30. Rxd8+ Kc7 31. Rd4 Re6 32. Kf1 Kc6 33. a4 Kc5 34. b3 b5 35. axb5 Kxb5 36. Rd5+ Ka6 37. c4 Rb6 38. Rd3 a4 39. bxa4 Rb4 40. c5 Rxa4 41. Rd6+ Kb5 42. c6 Kb6 43. Rxg6 Rxh4 44. Kg2 Rc4 45. Kg3 h4+ 46. Kg2 Rxc6 47. Rxc6+ Kxc6 48. Kh3 Kd6 49. Kxh4 Ke7 50. Kg5 Kf7 51. Kf5 Kf8 52. Kf6 Ke8 53. Kg7 Ke7 54. f4 Ke6 55. Kg6 Ke7 56. f5 Kf8 57. Kf6 Kg8 1-0

[Event "Wiesbaden op 24th"]
[Site "Wiesbaden"]
[Date "2012.08.24"]
[Round "2"]
[White "Spinnler, Wolfgang"]
[Black "Beck, Michael"]
[Result "1/2-1/2"]
[WhiteElo "1718"]
[BlackElo "1909"]
[PlyCount "51"]
[EventDate "2012.08.23"]
[EventType "swiss"]
[EventRounds "7"]
[EventCountry "GER"]
[SourceTitle "CBM 150 Extra"]
[Source "ChessBase"]
[SourceDate "2012.10.19"]
[SourceVersion "1"]
[SourceVersionDate "2012.10.19"]
[SourceQuality "1"]

1. d4 d5 2. c4 e6 3. cxd5 exd5 4. Nf3 Be7 5. Nc3 Nf6 6. Bf4 c6 7. e3 Bf5 8. Be2 Nbd7 9. 0-0 0-0 10. h3 h6 11. a3 a5 12. Rc1 Ne4 13. Nd2 Bd6 14. Bxd6 Nxd6 15. Bf3 Nf6 16. Re1 Re8 17. Na4 Rc8 18. Qb3 b5 19. Nc5 a4 20. Qd1 Nd7 21. Bg4 Bxg4 22. Qxg4 Nxc5 23. Rxc5 f5 24. Qf3 Qd7 25. Rec1 Rc7 26. Rxc6 1/2-1/2

[Event "Wiesbaden op 24th"]
[Site "Wiesbaden"]
[Date "2012.08.24"]
[Round "3"]
[White "Winand, Edgar"]
[Black "Spinnler, Wolfgang"]
[Result "1-0"]
[WhiteElo "1927"]
[BlackElo "1718"]
[PlyCount "109"]
[EventDate "2012.08.23"]
[EventType "swiss"]
[EventRounds "7"]
[EventCountry "GER"]
[SourceTitle "CBM 150 Extra"]
[Source "ChessBase"]
[SourceDate "2012.10.19"]
[SourceVersion "1"]
[SourceVersionDate "2012.10.19"]
[SourceQuality "1"]

1. Nf3 Nf6 2. d4 e6 3. e3 b6 4. Bd3 Bb7 5. Nbd2 d5 6. 0-0 Bd6 7. b3 0-0 8. Bb2 Nbd7 9. Qe2 Re8 10. Ne5 Rc8 11. f4 Ne4 12. Rad1 f6 13. Nxd7 Qxd7 14. c4 Nxd2 15. Rxd2 dxc4 16. Bxc4 Bd5 17. Bb5 Bc6 18. Bd3 Bb7 19. e4 Bb4 20. Rdd1 Qf7 21. f5 Kh8 22. Bc4 Bd5 23. Ba6 Rcd8 24. exd5 exf5 25. Qf3 g6 26. Bc4 Bd6 27. Rfe1 Qd7 28. Re6 b5 29. Bd3 c6 30. Rxe8+ Rxe8 31. dxc6 Qc7 32. g3 f4 33. Bc1 g5 34. Rf1 Rf8 35. gxf4 g4 36. Qd5 a6 37. Bf5 h5 38. Bd7 f5 39. Bxf5 Qe7 40. Be6 Kg7 41. f5 Kf6 42. Qe4 Qc7 43. Bf4 Rh8 44. Bd7 Bxf4 45. Rxf4 Qa5 46. Qe5+ Kg5 47. f6+ Kh4 48. Rf2 Qc3 49. f7 Rf8 50. Qg3+ Qxg3+ 51. hxg3+ Kxg3 52. Be8 h4 53. c7 a5 54. c8Q a4 55. Qc7+ 1-0

[Event "Vellmar op-B 4th"]
[Site "Vellmar"]
[Date "2012.07.29"]
[Round "7"]
[White "Wagner, Andreas"]
[Black "Spinnler, Wolfgang"]
[Result "1/2-1/2"]
[WhiteElo "1930"]
[BlackElo "1718"]
[PlyCount "104"]
[EventDate "2012.07.26"]
[EventType "swiss"]
[EventRounds "7"]
[EventCountry "GER"]
[SourceTitle "EXT 2015"]
[Source "ChessBase"]
[SourceDate "2014.11.20"]
[SourceVersion "1"]
[SourceVersionDate "2014.11.20"]
[SourceQuality "1"]

1. d4 Nf6 2. c4 e6 3. Nf3 b6 4. g3 Bb7 5. Bg2 Bb4+ 6. Bd2 Be7 7. Nc3 0-0 8. 0-0 a6 9. a3 d5 10. cxd5 Nxd5 11. Nxd5 Bxd5 12. e3 Nd7 13. Ne1 Bxg2 14. Kxg2 c5 15. dxc5 Nxc5 16. Bc3 Bf6 17. Bxf6 Qxf6 18. b4 Rfd8 19. Qb1 Na4 20. Nf3 Rac8 21. Rc1 b5 22. Qe4 Qe7 23. Ne5 Qd6 24. Nc6 Re8 25. Nd4 Nb6 26. Rc6 Qd5 27. Qxd5 Nxd5 28. Rac1 Rxc6 29. Rxc6 Ra8 30. e4 Nf6 31. Kf3 h6 32. Nb3 Nd7 33. Ke2 Ne5 34. Rc3 Nc4 35. Nd2 Nxd2 36. Kxd2 Ra7 37. Rc8+ Kh7 38. Rc6 Kg6 39. f4 Kh5 40. h3 g5 41. Ke3 a5 42. Rc3 axb4 43. axb4 Ra4 44. Rb3 Ra6 45. Kd4 Rc6 46. g4+ Kg6 47. f5+ Kf6 48. e5+ Ke7 49. Rc3 Rxc3 50. Kxc3 Kd7 51. Kd4 Kc6 52. Ke4 Kb6 1/2-1/2

[Event "Wiesbaden op 23rd"]
[Site "Wiesbaden"]
[Date "2011.08.28"]
[Round "7"]
[White "Spinnler, Wolfgang"]
[Black "Kannenberg, Carl Friedrich"]
[Result "1/2-1/2"]
[WhiteElo "1729"]
[BlackElo "1947"]
[PlyCount "55"]
[EventDate "2011.08.25"]
[EventType "swiss"]
[EventRounds "7"]
[EventCountry "GER"]
[SourceTitle "CBM 144 Extra"]
[Source "ChessBase"]
[SourceDate "2011.10.28"]
[SourceVersion "1"]
[SourceVersionDate "2011.10.28"]
[SourceQuality "1"]

1. d4 d5 2. c4 e6 3. cxd5 exd5 4. Nf3 Be7 5. Nc3 c6 6. Bf4 Nf6 7. h3 0-0 8. e3 Re8 9. Bd3 h6 10. 0-0 Bd6 11. Bxd6 Qxd6 12. a3 Nbd7 13. b4 Ne4 14. Qc2 Nxc3 15. Qxc3 Nf6 16. Qc2 Ne4 17. Ne5 Nf6 18. b5 cxb5 19. Bxb5 Rd8 20. Rfc1 a6 21. Bd3 Ne8 22. Qc5 Be6 23. Qxd6 Nxd6 24. Rc3 Rac8 25. Rac1 Rxc3 26. Rxc3 Rc8 27. Rxc8+ Bxc8 28. Kf1 1/2-1/2